000 00378nam a2200145 a 4500
001 6011
003 CDMR
005 20130325123526.0
008 130220s1992||||||||||||||||||||||||||||d
040 _aCDMR
_bcat
_cCPC LLEIDA
100 1 _aBurgués Bobet, Luis
_93005
245 1 0 _aNo nos dejemos manipular
_cBURGUÉS BOBET, Luis
260 _aBarcelona
_bIberia
_c1992
942 _cMON
_2udc
999 _c6011
_d6011